[Event "Titled Tuesday intern op 23rd Apr Late"]
[Site "Chess.com INT"]
[Date "2024.04.23"]
[Round "4"]
[White "Leschinsky, Gary"]
[Black "Yagupov, Igor"]
[Result "0-1"]
[WhiteElo "1992"]
[BlackElo "2275"]
[PlyCount "88"]
[EventDate "2024.04.23"]
[EventType "swiss (blitz)"]
[EventRounds "11"]
[EventCountry "USA"]
[SourceTitle "CB18_2024"]
[SourceDate "2024.05.01"]
[SourceVersion "1"]
[SourceVersionDate "2024.05.01"]
[SourceQuality "2"]

1. d4 Nf6 2. c4 e6 3. Nc3 d5 4. cxd5 exd5 5. Bg5 c6 6. e3 h6 7. Bh4 Be7 8. Bd3 Nbd7 9. Nge2 Nh5 10. Bxe7 Qxe7 11. Qc2 Nb6 12. 0-0-0 Be6 13. Kb1 0-0-0 14. h3 g6 15. Ka1 Kb8 16. Rb1 Rc8 17. Rhc1 Ng7 18. b4 Bf5 19. Bxf5 Nxf5 20. Na4 Nc4 21. Nb2 Nxb2 22. Qxb2 Nd6 23. Nc3 Nc4 24. Qe2 b5 25. a4 a6 26. a5 f5 27. Re1 Rce8 28. Ka2 h5 29. Kb3 h4 30. Rbd1 g5 31. Qf3 Qf6 32. Ne2 Kb7 33. Kc3 Re6 34. g4 Rf8 35. Nc1 fxg4 36. Qxg4 Qf5 37. Rg1 Qxg4 38. Rxg4 Rxf2 39. Rxg5 Rxe3+ 40. Nd3 Nb2 41. Rg7+ Kc8 42. Rd2 Rxd2 43. Kxd2 Rxd3+ 44. Kc2 Rxd4 0-1

[Event "Titled Tuesday intern op 16th Apr Late"]
[Site "Chess.com INT"]
[Date "2024.04.16"]
[Round "3"]
[White "Leschinsky, Gary"]
[Black "Gokhale, Rishabh Chandrashek"]
[Result "0-1"]
[WhiteElo "1992"]
[BlackElo "2079"]
[PlyCount "90"]
[EventDate "2024.04.16"]
[EventType "swiss (blitz)"]
[EventRounds "11"]
[EventCountry "USA"]
[SourceTitle "CB17_2024"]
[SourceDate "2024.04.24"]
[SourceVersion "1"]
[SourceVersionDate "2024.04.24"]
[SourceQuality "1"]

1. d4 a5 2. e4 g6 3. Nf3 Bg7 4. Bc4 d6 5. c3 Nf6 6. Qe2 0-0 7. h3 Nc6 8. 0-0 e5 9. dxe5 dxe5 10. a4 Nh5 11. Rd1 Qe7 12. Na3 Be6 13. Nb5 Rad8 14. Be3 Nf4 15. Bxf4 exf4 16. Bxe6 fxe6 17. Nbd4 Ne5 18. Nxe5 Bxe5 19. Qc4 Bxd4 20. cxd4 f3 21. g3 c6 22. Rac1 Kg7 23. Qc5 Qf6 24. Rc3 h5 25. h4 e5 26. Rcd3 exd4 27. Rxd4 Rxd4 28. Qxd4 Qxd4 29. Rxd4 Kf6 30. Rd7 Rf7 31. Rd6+ Ke5 32. Rxg6 Kxe4 33. Rg5 Rd7 34. Rxh5 Rd1+ 35. Kh2 Rf1 36. Rh8 Rxf2+ 37. Kh3 Rxb2 38. Rf8 b5 39. h5 bxa4 40. h6 Rb7 41. Rf4+ Ke3 42. Rxa4 f2 43. Rf4 Rh7 44. Rf6 Rxh6+ 45. Rxh6 f1Q+ 0-1

[Event "Titled Tuesday intern op 16th Apr Late"]
[Site "Chess.com INT"]
[Date "2024.04.16"]
[Round "2"]
[White "Ozates, Tuna"]
[Black "Leschinsky, Gary"]
[Result "1-0"]
[WhiteElo "2290"]
[BlackElo "1992"]
[PlyCount "51"]
[EventDate "2024.04.16"]
[EventType "swiss (blitz)"]
[EventRounds "11"]
[EventCountry "USA"]
[SourceTitle "CB17_2024"]
[SourceDate "2024.04.24"]
[SourceVersion "1"]
[SourceVersionDate "2024.04.24"]
[SourceQuality "1"]

1. e4 c5 2. Nf3 e6 3. b3 b6 4. Bb2 Bb7 5. Nc3 Nf6 6. Bd3 Nc6 7. 0-0 d6 8. a3 Be7 9. Re1 0-0 10. e5 dxe5 11. Nxe5 Nxe5 12. Rxe5 Bd6 13. Rg5 h6 14. Rxg7+ Kxg7 15. Nd5 Bxh2+ 16. Kxh2 Qxd5 17. Qg4+ Qg5 18. Qh3 e5 19. Re1 Rfe8 20. Kg1 Qg4 21. Qh2 e4 22. Bb5 Red8 23. Re3 Qf5 24. Qh4 Rd6 25. Qg3+ Qg4 26. Qxd6 1-0

[Event "Titled Tuesday intern op 12th Sep Late"]
[Site "Chess.com INT"]
[Date "2023.09.12"]
[Round "6"]
[White "Buchenau, Frank"]
[Black "Leschinsky, Gary"]
[Result "1-0"]
[WhiteElo "2135"]
[BlackElo "1987"]
[PlyCount "65"]
[EventDate "2023.09.12"]
[EventType "swiss (blitz)"]
[EventRounds "11"]
[EventCountry "USA"]
[SourceTitle "EXT 2024"]
[Source "ChessBase"]
[SourceDate "2023.10.10"]
[SourceVersion "1"]
[SourceVersionDate "2023.10.10"]
[SourceQuality "1"]

1. e4 c5 2. Nf3 e6 3. d4 cxd4 4. Nxd4 a6 5. Bd3 Bc5 6. Nb3 Ba7 7. 0-0 Ne7 8. Qe2 0-0 9. Be3 Nbc6 10. Bxa7 Rxa7 11. f4 Nb4 12. Nc3 Nxd3 13. cxd3 f5 14. Qe3 Ra8 15. Rac1 b6 16. Na4 Rb8 17. Rc2 b5 18. Nac5 Ng6 19. e5 Ne7 20. Qd2 Nd5 21. Na5 Rf7 22. b4 h6 23. d4 g5 24. fxg5 hxg5 25. Nd3 Rh7 26. Rfc1 Kf7 27. Rc5 Qh8 28. g3 Bb7 29. Nxb7 Rxb7 30. Rxd5 exd5 31. Qxg5 Rxh2 32. Qxf5+ Ke7 33. Qf6+ 1-0

[Event "Titled Tuesday intern op 08th Aug Late"]
[Site "Chess.com INT"]
[Date "2023.08.08"]
[Round "2"]
[White "Akobian, Varuzhan"]
[Black "Leschinsky, Gary"]
[Result "1-0"]
[WhiteElo "2582"]
[BlackElo "1987"]
[PlyCount "51"]
[EventDate "2023.08.08"]
[EventType "swiss (blitz)"]
[EventRounds "11"]
[EventCountry "USA"]
[SourceTitle "EXT 2024"]
[Source "ChessBase"]
[SourceDate "2023.10.10"]
[SourceVersion "1"]
[SourceVersionDate "2023.10.10"]
[SourceQuality "1"]

1. d4 Nf6 2. c4 e6 3. Nf3 b6 4. a3 Bb7 5. Nc3 Ne4 6. Nxe4 Bxe4 7. Bf4 d6 8. e3 Nd7 9. Bd3 Bxd3 10. Qxd3 Be7 11. 0-0 0-0 12. Rfd1 Qc8 13. Rac1 a5 14. b3 Qb7 15. e4 Rfd8 16. Qe2 Nf6 17. Re1 Rac8 18. Rcd1 h6 19. h3 Qa8 20. e5 dxe5 21. Nxe5 Bxa3 22. Nxf7 Kxf7 23. Qxe6+ Kf8 24. Bxh6 Ne8 25. Bg5 Rd6 26. Be7# 1-0

[Event "Titled Tuesday intern op 13th Jun Early"]
[Site "Chess.com INT"]
[Date "2023.06.13"]
[Round "1"]
[White "Leschinsky, Gary"]
[Black "Mortazavi, Ali"]
[Result "0-1"]
[WhiteElo "1987"]
[BlackElo "2333"]
[PlyCount "180"]
[EventDate "2023.06.13"]
[EventType "swiss (blitz)"]
[EventRounds "11"]
[EventCountry "USA"]
[SourceTitle "EXT 2024"]
[Source "ChessBase"]
[SourceDate "2023.10.10"]
[SourceVersion "1"]
[SourceVersionDate "2023.10.10"]
[SourceQuality "1"]

1. d4 Nf6 2. c4 g6 3. Nc3 Bg7 4. e4 0-0 5. Be2 d6 6. Be3 c5 7. dxc5 Qa5 8. Bd2 dxc5 9. Nf3 Nc6 10. 0-0 Qb6 11. Qc1 Nd4 12. Nxd4 cxd4 13. Nd5 Nxd5 14. exd5 Bf5 15. b3 d3 16. Bf3 Bxa1 17. Qxa1 f6 18. Re1 Rf7 19. Qc3 Rc8 20. g4 Bd7 21. Qxd3 Qd6 22. Qe3 a6 23. a3 Qxa3 24. Rc1 Qd6 25. b4 Qe5 26. Qxe5 fxe5 27. Be2 e4 28. Be3 Rd8 29. c5 Bb5 30. Bxb5 axb5 31. Rd1 e6 32. d6 Kf8 33. Rd4 Ke8 34. Rxe4 Kd7 35. Kg2 Ra8 36. Rd4 Ra4 37. h3 Kc6 38. Re4 Kd5 39. Rd4+ Kc6 40. h4 e5 41. Re4 Kd5 42. f3 Ra3 43. Kf2 Rc3 44. h5 gxh5 45. gxh5 Rc4 46. Ke2 Rxe4 47. fxe4+ Kxe4 48. h6 Kd5 49. Kd3 Kc6 50. Ke4 Rf1 51. Kxe5 Re1 52. Kd4 Rd1+ 53. Ke4 Kd7 54. Bf4 Ke6 55. Be3 Rb1 56. Bd2 Rd1 57. Kd3 Rh1 58. Ke2 Rh4 59. Bc3 Rc4 60. Kd3 Rh4 61. Bd2 Rh3+ 62. Kc2 Rh5 63. Kd3 Kd7 64. Kc3 Kc6 65. Kd4 Rh4+ 66. Kd3 Rg4 67. Bc3 Rg3+ 68. Kc2 Rh3 69. Bd2 Kd7 70. Kd1 Ke6 71. Kc2 Rh2 72. Kb2 Rh4 73. Kc2 Rd4 74. Kc3 Rd5 75. Be3 Kf5 76. Bf2 Ke4 77. Bh4 Rd3+ 78. Kc2 Rd5 79. Be7 Rd4 80. Kc3 Rc4+ 81. Kb3 Rd4 82. Kc3 Rd5 83. Kc2 Kf5 84. Kc3 Ke6 85. Bf8 Rf5 86. Bg7 Rf4 87. Bd4 Rh4 88. Bg7 b6 89. cxb6 Kxd6 90. Bd4 Kc6 0-1

[Event "Titled Tuesday intern op 06th Jun Early"]
[Site "Chess.com INT"]
[Date "2023.06.06"]
[Round "2"]
[White "Leschinsky, Gary"]
[Black "Serban, Cristian Stefan"]
[Result "0-1"]
[WhiteElo "1987"]
[BlackElo "2214"]
[PlyCount "116"]
[EventDate "2023.06.06"]
[EventType "swiss (blitz)"]
[EventRounds "11"]
[EventCountry "USA"]
[SourceTitle "EXT 2024"]
[Source "ChessBase"]
[SourceDate "2023.10.10"]
[SourceVersion "1"]
[SourceVersionDate "2023.10.10"]
[SourceQuality "1"]

1. e4 g6 2. d4 Bg7 3. Nc3 a6 4. h4 h5 5. Nf3 c6 6. Ng5 d5 7. Qf3 f6 8. exd5 fxg5 9. Bd3 Qd6 10. Bxg5 Bg4 11. Qe3 cxd5 12. f3 Bf5 13. Bxf5 gxf5 14. 0-0-0 Nc6 15. Bf4 Bh6 16. Bxh6 Qxh6 17. f4 0-0-0 18. Rhe1 Qd6 19. g3 Nf6 20. Na4 Ne4 21. Rg1 Kb8 22. Nc5 Rhg8 23. Kb1 Rg4 24. Nxe4 fxe4 25. c3 Rdg8 26. Rd2 e6 27. Rdg2 Ne7 28. Qe2 Nf5 29. a3 Nxg3 30. Qe1 Qxf4 31. Rf2 Qh6 32. Rf7 Nf5 33. Rxg4 hxg4 34. Qd1 Qg6 35. Rd7 Qe8 36. Rh7 Rg7 37. Rxg7 Nxg7 38. Qxg4 Nf5 39. h5 Qh8 40. a4 e3 41. Kc1 Qh6 42. Kd1 Ka7 43. Ke2 Ng7 44. Qg6 Qxh5+ 45. Qxh5 Nxh5 46. Kxe3 Kb6 47. b4 Kc6 48. Kf3 Nf6 49. Kf4 Kd6 50. b5 axb5 51. axb5 Ne4 52. c4 Nc3 53. c5+ Ke7 54. b6 Kd7 55. Ke5 Nb5 56. c6+ bxc6 57. b7 Kc7 58. Kxe6 Nxd4+ 0-1

[Event "Titled Tuesday intern op 30th May Late"]
[Site "Chess.com INT"]
[Date "2023.05.30"]
[Round "2"]
[White "Leschinsky, Gary"]
[Black "Cattaneo, Marco"]
[Result "1-0"]
[WhiteElo "1969"]
[BlackElo "2250"]
[PlyCount "87"]
[EventDate "2023.05.30"]
[EventType "swiss (blitz)"]
[EventRounds "11"]
[EventCountry "USA"]
[SourceTitle "CBM 214 Extra"]
[Source "ChessBase"]
[SourceDate "2023.07.31"]
[SourceVersion "1"]
[SourceVersionDate "2023.07.31"]
[SourceQuality "1"]

1. d4 g6 2. e4 Bg7 3. Nc3 c6 4. Be3 d5 5. e5 Nh6 6. f4 f6 7. Nf3 0-0 8. Be2 Ng4 9. Bg1 fxe5 10. fxe5 Bh6 11. h3 Ne3 12. Bxe3 Bxe3 13. Qd3 Bf4 14. 0-0 Na6 15. a3 Nc7 16. Rae1 Bf5 17. Qd1 Bg3 18. Qd2 Bxe1 19. Rxe1 Ne6 20. Qh6 Rf7 21. Bd1 Qf8 22. Qd2 Rd8 23. Nh4 Be4 24. Bg4 Bf5 25. Nxf5 gxf5 26. Bh5 Rg7 27. Rf1 Kh8 28. Ne2 Rg5 29. Bf3 Qh6 30. Qb4 Qg7 31. Qxb7 Rg8 32. Rf2 Nd8 33. Qxa7 Rg3 34. Nxg3 Qxg3 35. Qxe7 Qg7 36. Qxg7+ Rxg7 37. c3 Ne6 38. Bd1 f4 39. Bg4 Ng5 40. Rxf4 Rb7 41. b4 Ra7 42. Rf6 Rxa3 43. Rxc6 Rxc3 44. Rxc3 1-0

[Event "Titled Tuesday intern op 09th May Late"]
[Site "Chess.com INT"]
[Date "2023.05.09"]
[Round "5"]
[White "Gatterer, Florian"]
[Black "Leschinsky, Gary"]
[Result "1-0"]
[WhiteElo "2170"]
[BlackElo "1969"]
[PlyCount "69"]
[EventDate "2023.05.09"]
[EventType "swiss (blitz)"]
[EventRounds "11"]
[EventCountry "USA"]
[SourceTitle "CBM 214 Extra"]
[Source "ChessBase"]
[SourceDate "2023.07.31"]
[SourceVersion "1"]
[SourceVersionDate "2023.07.31"]
[SourceQuality "1"]

1. d4 Nf6 2. Bf4 e6 3. Nc3 d5 4. Nb5 Bb4+ 5. c3 Ba5 6. a4 a6 7. b4 Nc6 8. bxa5 axb5 9. axb5 Nxa5 10. e3 0-0 11. Nf3 Bd7 12. Bd3 c5 13. bxc6 Bxc6 14. 0-0 Nd7 15. Bd6 Re8 16. Bb4 Nc4 17. Qc2 h6 18. Bxc4 dxc4 19. e4 Nf6 20. Nd2 b5 21. Rfb1 Qd7 22. f3 Rxa1 23. Rxa1 Ra8 24. Rxa8+ Bxa8 25. Qa2 Bc6 26. Qa6 Qb7 27. Qa5 Qa8 28. Qc7 Qb7 29. Qd8+ Kh7 30. Be7 Nd7 31. Qe8 Kg6 32. Qd8 Nf6 33. Bxf6 gxf6 34. Qg8+ Kh5 35. Qg4# 1-0

[Event "Titled Tuesday intern op 25th Apr Late"]
[Site "Chess.com INT"]
[Date "2023.04.25"]
[Round "4"]
[White "Leschinsky, Gary"]
[Black "Yeritsyan, Hayk"]
[Result "0-1"]
[WhiteElo "1969"]
[BlackElo "2241"]
[PlyCount "146"]
[EventDate "2023.04.25"]
[EventType "swiss (blitz)"]
[EventRounds "11"]
[EventCountry "USA"]
[SourceTitle "EXT 2024"]
[Source "ChessBase"]
[SourceDate "2023.10.10"]
[SourceVersion "1"]
[SourceVersionDate "2023.10.10"]
[SourceQuality "1"]

1. c4 c6 2. d4 d5 3. Nf3 Nf6 4. Nc3 e6 5. cxd5 exd5 6. Qc2 Bd6 7. Bg5 Bg4 8. Ne5 Bh5 9. e3 Bg6 10. Nxg6 hxg6 11. h3 Rh5 12. h4 Nbd7 13. Be2 Rh8 14. 0-0-0 Qe7 15. Kb1 Qe6 16. Bf3 0-0-0 17. Rc1 Kb8 18. Ka1 Nb6 19. Be2 Rde8 20. Bd3 Ne4 21. Bf4 Bxf4 22. exf4 Nxc3 23. bxc3 Qf6 24. g3 Rc8 25. Rhe1 c5 26. Qb2 c4 27. Bf1 Rhe8 28. Bh3 Rcd8 29. Rb1 Qc6 30. Re5 f6 31. Ree1 Rxe1 32. Rxe1 Re8 33. Qd2 Na4 34. Bg2 Rxe1+ 35. Qxe1 Qb5 36. Qd2 a6 37. Bf1 Ka7 38. Be2 Qa5 39. Bf3 Qxc3+ 40. Qxc3 Nxc3 41. Kb2 Na4+ 42. Kc2 Nb6 43. g4 Kb8 44. g5 f5 45. h5 gxh5 46. Bxh5 Nc8 47. Bf7 Ne7 48. Kc3 Kc7 49. Kb4 Kc6 50. a4 b6 51. a5 b5 52. Be6 Kd6 53. Bf7 Nc6+ 54. Kc3 Nxa5 55. Bg6 Ke6 56. Be8 Nb7 57. Bc6 Nd8 58. Be8 Kd6 59. Kb4 Nc6+ 60. Kc3 g6 61. Bxg6 b4+ 62. Kc2 Nxd4+ 63. Kd2 Ne6 64. Bxf5 Nxf4 65. g6 Ke7 66. Ke3 Nh5 67. Bc8 a5 68. f4 Kf6 69. f5 Ng7 70. Kd2 d4 71. Kc2 d3+ 72. Kd2 b3 73. Ba6 b2 0-1

[Event "Titled Tuesday intern op 04th Apr Late"]
[Site "Chess.com INT"]
[Date "2023.04.04"]
[Round "2"]
[White "Leschinsky, Gary"]
[Black "Gadimbayli, Abdulla Azar"]
[Result "0-1"]
[WhiteElo "1969"]
[BlackElo "2500"]
[PlyCount "98"]
[EventDate "2023.04.04"]
[EventType "swiss (blitz)"]
[EventRounds "11"]
[EventCountry "USA"]
[SourceTitle "EXT 2024"]
[Source "ChessBase"]
[SourceDate "2023.10.10"]
[SourceVersion "1"]
[SourceVersionDate "2023.10.10"]
[SourceQuality "1"]

1. d4 Nf6 2. c4 Nc6 3. Nf3 e6 4. Nc3 g6 5. e4 d6 6. Be2 Bg7 7. 0-0 0-0 8. Bg5 Re8 9. Qd2 e5 10. dxe5 Nxe5 11. Nxe5 Rxe5 12. f4 Rxe4 13. Bxf6 Rxe2 14. Qxe2 Bxf6 15. Nd5 Be6 16. Nxf6+ Qxf6 17. b3 Re8 18. Qd2 b6 19. h3 h5 20. Rad1 a5 21. Qd4 Qf5 22. Rfe1 Qc2 23. Qd2 Qf5 24. Qf2 Kh7 25. Rf1 Bd7 26. Rde1 Be6 27. Qh4 Kg7 28. Rf2 Kf8 29. Kh2 a4 30. Re3 axb3 31. axb3 Ra8 32. g4 hxg4 33. hxg4 Qxg4 34. Qh8+ Ke7 35. Qxa8 Qh4+ 36. Kg2 Qg4+ 37. Rg3 Qd1 38. Qf3 Qc1 39. Qe3 Qb1 40. Qd4 Kd8 41. Re3 Bd7 42. Qf6+ Kc8 43. Qxf7 Bc6+ 44. Ref3 Qxb3 45. Qxg6 Kb7 46. f5 Qxc4 47. Qg3 Qf7 48. Qg5 Qd5 49. f6 Qxg5+ 0-1

[Event "Titled Tuesday intern op 21st Mar Late"]
[Site "Chess.com INT"]
[Date "2023.03.21"]
[Round "2"]
[White "Leschinsky, Gary"]
[Black "Popov, Maksim1111"]
[Result "0-1"]
[WhiteElo "1947"]
[BlackElo "2396"]
[PlyCount "136"]
[EventDate "2023.03.21"]
[EventType "swiss (blitz)"]
[EventRounds "11"]
[EventCountry "USA"]
[SourceTitle "EXT 2024"]
[Source "ChessBase"]
[SourceDate "2023.10.10"]
[SourceVersion "1"]
[SourceVersionDate "2023.10.10"]
[SourceQuality "1"]

1. d4 Nf6 2. c4 g6 3. Nc3 d5 4. Nf3 Bg7 5. cxd5 Nxd5 6. e4 Nxc3 7. bxc3 c5 8. h3 0-0 9. Be2 b6 10. 0-0 Bb7 11. Qd3 cxd4 12. cxd4 Nc6 13. Bb2 Rc8 14. a3 Qd7 15. Rac1 Rfd8 16. Rfd1 Bh6 17. Rc2 Na5 18. d5 Rxc2 19. Qxc2 Rc8 20. Qd3 Qa4 21. e5 Qc2 22. Ba1 Qxd3 23. Bxd3 Bxd5 24. Ba6 Bxf3 25. gxf3 Rc1 26. Rxc1 Bxc1 27. a4 Bf4 28. Bb5 Nb3 29. Bc3 Nc5 30. Bd4 Ne6 31. Bc3 Bc1 32. Bc4 Nc5 33. a5 bxa5 34. Bxa5 Bf4 35. Bb4 Nb7 36. e6 fxe6 37. Bxe6+ Kf8 38. Bd5 Nd6 39. Kf1 Be5 40. Ke2 Ke8 41. Bxd6 exd6 42. Kd3 Ke7 43. Bg8 h6 44. Bh7 Kf6 45. Bg8 Ke7 46. Bc4 Kf6 47. Ke4 Bc3 48. Kd5 Ke7 49. Bd3 g5 50. Ba6 Be1 51. Bb5 Bxf2 52. Ba6 Bg3 53. Bb5 Kf6 54. Ke4 Ke6 55. Bc4+ Kf6 56. Bb5 a5 57. Ba4 Ke6 58. Bb3+ Kd7 59. Kd5 Kc7 60. Ba4 Kb6 61. Kc4 h5 62. Be8 h4 63. Ba4 Kc7 64. Kd5 Kd8 65. Ke6 Bf4 66. Bb5 Kc7 67. Kd5 Kb6 68. Kc4 d5+ 0-1